[Event "Saint Louis Invitational-B 2018"]
[Site "Saint Louis"]
[Date "2018.11.19"]
[Round "7"]
[White "Arjun, Vishnuvardhan"]
[Black "Tsay, Vincent"]
[Result "1/2-1/2"]
[WhiteElo "2247"]
[BlackElo "2342"]
[Annotator "TA"]
[PlyCount "65"]
[EventDate "2018.11.16"]
[EventType "tourn"]
[EventCountry "USA"]
[SourceTitle "playchess.com"]
[Source "ChessBase"]
[SourceQuality "1"]

{[%evp 19,65,18,19,25,22,27,19,28,11,13,17,19,52,52,43,54,77,85,96,20,31,27,16,3,6,6,6,6,6,6,6,6,6,8,110,24,24,24,24,24,24,24,24,24,29,11,11,10]} 1. e4 c5 2. Nf3 e6 3. g3 d5 4. exd5 exd5 5. d4 Nc6 6. Bg2 {B40: Sicilian: 2...e6, Unusual lines} Nf6 7. O-O Be7 8. dxc5 Bxc5 9. Bg5 Be6 10. Nc3 O-O $1 {LiveBook: 17 Games} 11. Rb1 d4 12. Bxf6 Qxf6 13. Ne4 $1 {[%csl LRc5,LRf6][%mdl 64] [#] Double Attack} Qe7 $146 14. Nxc5 Qxc5 15. b4 Qb5 16. Nxd4 Nxd4 17. Qxd4 Bxa2 {Threatens to win with ...Rfd8.} 18. Ra1 Rfd8 19. Qe3 (19. Qh4 $1 $16 Bc4 20. Bxb7 $1 {[%mdl 512]} Bxf1 21. Bxa8 Rxa8 22. Rxf1) 19... Bc4 $11 20. Rfb1 a6 $1 21. Qc5 Qxc5 22. bxc5 Rac8 23. Ra5 Rc7 24. h4 ({Not} 24. Bxb7 $2 {[#]} Rxb7 $1 {[%mdl 512]} 25. Rxb7 Rd1+ 26. Kg2 Bd5+ 27. Kh3 Bxb7 $19) 24... Bb5 {[#]} 25. c4 $1 {[%mdl 512]} Bxc4 26. Rxb7 Rdc8 (26... Rxb7 $11 27. Bxb7 Rd1+ 28. Kg2 Rc1) 27. Rxc7 (27. c6 $1 $16) 27... Rxc7 28. Bf1 Bxf1 29. Kxf1 $16 {KR-KR} Kf8 30. Ke2 Ke7 31. Kd3 Kd7 32. Kc4 Rc6 33. f3 {Accuracy: White = 45%, Black = 60%.} 1/2-1/2

[Event "Saint Louis Invitational-B 2018"]
[Site "Saint Louis"]
[Date "2018.11.20"]
[Round "8"]
[White "Hong, Andrew"]
[Black "Yip, Carissa"]
[Result "1-0"]
[WhiteElo "2368"]
[BlackElo "2318"]
[Annotator "TA"]
[PlyCount "63"]
[EventDate "2018.11.16"]
[EventType "tourn"]
[EventCountry "USA"]
[SourceTitle "playchess.com"]
[Source "ChessBase"]
[SourceQuality "1"]

{[%evp 29,63,18,29,25,66,12,63,35,70,44,51,43,86,80,120,117,214,212,208,204,207,162,169,156,166,145,159,158,388,395,415,355,681,666,667,644]} 1. e4 e5 2. Nf3 Nc6 3. Bb5 {[%cal Bf1b5,Bb5a4,Ba4b3][%mdl 32]} a6 4. Ba4 Nf6 5. O-O Be7 6. Re1 b5 7. Bb3 d6 8. c3 O-O 9. h3 Nb8 10. d4 Nbd7 11. Nbd2 {[%cal Bb1d2,Bd2f1,Bf1g3][%mdl 32]} Bb7 12. Bc2 Re8 13. Nf1 c5 14. Ng3 g6 {C95: Closed Ruy Lopez: Breyer Variation with 10 d4} 15. d5 (15. Bg5 Qc7 16. d5 c4 17. Qd2 {1-0 (50) Halkias,S (2585)-Kayumov,S (2505) Doha 2016}) 15... c4 {LiveBook: 5 Games} 16. Bh6 Nc5 {White has an edge.} 17. Nh2 (17. b4 $14 cxb3 18. axb3) 17... Bc8 (17... a5 $11) 18. Qd2 $146 ({Predecessor:} 18. b4 cxb3 19. axb3 Kh8 20. b4 Ncd7 21. Qf3 Ng8 22. Ng4 Nb6 23. Bd3 Bxg4 {0-1 (23) Mazzoni,G-Caminade,C Dieppe 1967}) 18... Kh8 19. Rf1 a5 20. Be3 {[%cal Bh6e3,Be3d4,Bd4e5][%mdl 32]} Qc7 21. f4 exf4 22. Rxf4 {[#] Threatens to win with Bd4.} Ncd7 (22... Nfd7 $16 {was necessary.}) 23. Raf1 $18 Qd8 24. Bd4 {Ng4 is the strong threat.} Ne5 25. Nf3 Kg8 26. Nxe5 dxe5 27. Bxe5 Nd7 28. Bd4 $36 {[%mdl 2048] White is really pushing.} Bg5 $2 (28... f6 $16 {was called for.} 29. R4f2 Ne5) 29. Rxf7 {[#] White wants to mate with Rg7+.} Ne5 30. Qf2 Bd7 $2 (30... Bh6 31. Bd1 Re7) 31. Bxe5 Rxe5 32. Qd4 {Precision: White = 63%, Black = 31%.} 1-0

[Event "Saint Louis Invitational-B 2018"]
[Site "Saint Louis"]
[Date "2018.11.20"]
[Round "8"]
[White "Tsay, Vincent"]
[Black "Wang, Justin"]
[Result "0-1"]
[WhiteElo "2342"]
[BlackElo "2409"]
[Annotator "TA"]
[PlyCount "59"]
[EventDate "2018.11.16"]
[EventType "tourn"]
[EventCountry "USA"]
[SourceTitle "playchess.com"]
[Source "ChessBase"]
[SourceQuality "1"]

{[%evp 15,59,1,11,3,21,-22,-11,-12,-12,-26,-26,-42,-47,-60,-57,-56,-49,-53,-45,-51,-30,-80,-42,-75,-39,-99,-100,-130,-130,-130,-130,-130,-125,-121,-122,-119,-123,-174,-181,-398,-270,-474,-464,-719,-695,-674]} 1. d4 Nf6 2. c4 e6 3. g3 d5 4. Nf3 Bb4+ 5. Bd2 Be7 6. Bg2 O-O 7. O-O c6 8. Qb3 Ne4 {LiveBook: 11 Games. E11: Bogo-Indian} 9. Be3 $146 ({Predecessor:} 9. Bb4 Nd6 10. Nbd2 Nd7 11. Bxd6 Bxd6 12. e4 dxe4 13. Nxe4 Be7 14. Rfd1 Qc7 15. Rac1 Nf6 16. Nxf6+ Bxf6 {½-½ (30) Ni,H (2670)-Sarana,A (2577) chess.com INT 2018}) 9... Nd7 10. Nc3 Nd6 {[%cal Be4d6,Bd6c4,Bc4d2][%mdl 32] The position is equal.} 11. c5 Nc4 12. Bc1 e5 {[%cal Be6e5,Be5e4][%mdl 32]} 13. e3 e4 $36 {[%mdl 2048] Black has the initiative.} 14. Nd2 Nxd2 $1 15. Bxd2 h5 {[%cal Bh7h5,Bh5h4][%mdl 32]} 16. Qd1 h4 17. b4 Nf6 18. a4 Qc7 19. Qe2 Bf5 20. Rfc1 (20. f3 $15) 20... g6 $17 21. b5 Kg7 22. Be1 hxg3 $1 23. fxg3 Rh8 24. a5 {[#]} a6 $1 25. bxc6 bxc6 26. Rcb1 {[#]} (26. Rc2 $17) 26... Bh3 $1 $19 27. Bh1 $2 (27. Nd1 {keeps fighting.}) 27... Qc8 28. Ra2 $2 (28. Bd2 {was called for.}) 28... Ng4 29. Nd1 (29. Nxe4 $142 dxe4 30. Rab2) 29... Qf5 30. Nf2 {Accuracy: White = 35%, Black = 72%.} 0-1

[Event "Saint Louis Invitational-B 2018"]
[Site "Saint Louis"]
[Date "2018.11.20"]
[Round "8"]
[White "Dordzhieva, Dinara"]
[Black "Marek, Matyas"]
[Result "1/2-1/2"]
[WhiteElo "2340"]
[BlackElo "2361"]
[Annotator "TA"]
[PlyCount "35"]
[EventDate "2018.11.16"]
[EventType "tourn"]
[EventCountry "USA"]
[SourceTitle "playchess.com"]
[Source "ChessBase"]
[SourceQuality "1"]

{[%evp 16,35,17,4,39,25,24,28,57,16,14,8,13,5,10,12,19,0,0,0,12,14]} 1. d4 d5 2. Bf4 Nf6 3. e3 e6 4. Nf3 c5 5. Nbd2 Nc6 6. c3 Bd6 7. Bg3 O-O 8. Bd3 Qe7 9. Ne5 {LiveBook: 168 Games. D02: 1 d4 d5 2 Nf3 sidelines, including 2...Nf6 3 g3 and 2...Nf6 3 Bf4} Re8 (9... Nd7 10. Nxd7 Qxd7 11. O-O b6 12. Bxd6 Qxd6 13. f4 f5 14. Nf3 c4 15. Bc2 b5 16. a3 a5 17. g4 Bd7 {½-½ (69) Grischuk,A (2781)-Hammer,J (2677) Stavanger 2015}) 10. O-O Nd7 {[%cal Rd6e5]} 11. f4 {White has an edge.} Nf8 12. Bb5 $146 ({Predecessor:} 12. Qh5 f6 13. Bh4 Rd8 14. Qg4 g6 15. Rf3 Qg7 16. Rg3 fxe5 17. fxe5 Be7 18. Rf1 Bxh4 19. Qxh4 {0-1 (42) Martynov,A (1960)-Kolbanov,V (2174) Sochi 2017}) 12... Bd7 {The position is equal.} 13. Nxd7 Qxd7 14. Bd3 a6 15. a3 {[%cal Ba2a3,Ba3a4][%mdl 32]} b5 16. b4 c4 17. Bc2 f5 18. a4 1/2-1/2

[Event "Saint Louis Invitational-B 2018"]
[Site "Saint Louis"]
[Date "2018.11.20"]
[Round "8"]
[White "Williams, Justus"]
[Black "Arjun, Vishnuvardhan"]
[Result "1/2-1/2"]
[WhiteElo "2335"]
[BlackElo "2247"]
[Annotator "TA"]
[PlyCount "70"]
[EventDate "2018.11.16"]
[EventType "tourn"]
[EventCountry "USA"]
[SourceTitle "playchess.com"]
[Source "ChessBase"]
[SourceQuality "1"]

{[%evp 17,70,0,32,25,33,0,0,0,0,0,18,-27,-21,-53,-13,-71,-76,-75,-84,-77,-72,-86,-84,-137,-136,-193,-193,-184,-170,-336,-333,-297,-181,-152,-152,-177,-155,-138,0,-96,78,0,0,0,0,0,0,0,0,0,0,0,315,64,67]} 1. Nf3 c5 2. g3 Nc6 3. Bg2 g6 4. O-O Bg7 5. c4 e5 6. Nc3 Nge7 7. a3 a5 8. d3 d6 9. Rb1 {A37: Symmetrical English vs ...g6: 4 Bg2 Bg7 5 Nf3} (9. Bd2 O-O 10. Rb1 Be6 11. Ng5 Bc8 12. Nb5 f5 13. Nf3 h6 14. b4 axb4 15. axb4 b6 16. Ne1 Be6 17. Nc2 Rb8 18. Nc3 {1-0 (51) Giri,A (2762)-Lupulescu,C (2620) Heraklio 2017}) 9... Be6 {LiveBook: 4 Games} 10. Ng5 Bc8 11. b4 $146 ({Predecessor:} 11. Nb5 f5 12. f4 h6 13. Nf3 O-O 14. b3 b6 15. Bb2 {1-0 (36) Shoker,S (2484)-Nafiri,K (2230) Cairo 2015}) 11... axb4 12. axb4 Nxb4 13. Nb5 f5 14. Bd2 (14. d4 $5 exd4 15. Nf3 $17) 14... Nbc6 15. Ra1 Ra6 16. Bc3 (16. Bd5 $11 Nxd5 17. cxd5) 16... h6 $17 17. Nf3 O-O 18. Qb3 Be6 19. Rfb1 d5 {[%cal Bd6d5,Bd5d4][%mdl 32]} 20. Na3 (20. Rxa6 $142 bxa6 21. Na3) 20... d4 21. Bd2 (21. Bb2 $17) 21... e4 $19 22. Ne1 {[#]} e3 $1 {[%cal Re3d2][%mdl 512]} 23. Bc1 $2 (23. fxe3 {is a better defense.} dxe3 {[%mdl 64] Discovered Attack} 24. Bxe3) 23... f4 24. gxf4 exf2+ 25. Kxf2 Nf5 {...Qh4+ is the strong threat.} 26. Nac2 {Hoping for Rxa6.} Rxa1 27. Rxa1 Ne5 ({Black should play} 27... Qe7 $17 28. Rb1 Bc8) 28. Kg1 (28. fxe5 $11 {keeps the balance.} Ne3+ 29. Nf3 Nxc2 30. Qxc2) 28... Qh4 $2 {[#]} (28... Ng4 $17 {Threatens to win with ...Qh4.} 29. h3 Ng3) 29. fxe5 (29. Qb6 $1 $16 {[%cal Rb6e6]} Nc6 30. Qxb7) 29... Ng3 $11 (29... Bxe5 $5 30. Nf3 $8 {[%mdl 64] Double Attack} Bxh2+ 31. Nxh2 Ng3 $11) 30. hxg3 Qxg3 {next ...Qf2+ is good for Black.} 31. Qxb7 Qf2+ {[%mdl 64] Double Attack} 32. Kh1 $1 Qh4+ 33. Kg1 {And now Nf3 would win.} Qf2+ {[%mdl 64] Double Attack} 34. Kh1 $1 Rf5 $2 {[%mdl 8192]} (34... Qh4+ $11 35. Kg1 Qf2+ {[%mdl 64] Double Attack}) 35. Ra8+ $2 ({Only move:} 35. Nf3 $18 Rh5+ 36. Nh2) 35... Kh7 {Accuracy: White = 43%, Black = 53%.} 1/2-1/2

[Event "Saint Louis Invitational-B 2018"]
[Site "Saint Louis"]
[Date "2018.11.20"]
[Round "8"]
[White "Stearman, Josiah"]
[Black "Ynojosa Aponte, Felix Jose"]
[Result "1/2-1/2"]
[WhiteElo "2309"]
[BlackElo "2355"]
[Annotator "TA"]
[PlyCount "134"]
[EventDate "2018.11.16"]
[EventType "tourn"]
[EventCountry "USA"]
[SourceTitle "playchess.com"]
[Source "ChessBase"]
[SourceQuality "1"]

{[%evp 22,134,40,27,27,20,31,32,21,-12,27,42,77,39,50,0,0,-49,0,0,0,0,38,0,0,0,0,0,0,0,0,0,185,187,177,121,259,287,278,272,280,275,340,328,298,241,241,241,218,186,272,264,269,93,89,81,74,54,167,161,178,164,170,162,158,179,162,149,138,0,172,0,0,0,212,211,224,143,118,120,125,113,357,8,8,17,8,0,0,0,0,0,0,0,0,0,0,0,0,0,0,-12,0,0,0,0,0,0,0,0,0,0,0,0,0]} 1. d4 Nf6 2. c4 e6 3. Nc3 d5 4. cxd5 exd5 5. Bg5 c6 6. e3 Bd6 7. Bd3 O-O 8. Qc2 {D35: Queen's Gambit Declined: Exchange Variation} h6 9. Bh4 Re8 10. Nge2 Be6 (10... Nbd7 11. g4 Nf8 12. h3 b5 13. Rg1 Ne6 14. f4 Bxf4 15. Bh7+ Kh8 16. exf4 Nxd4 17. Qd3 Nxe2 18. Nxe2 Qa5+ {0-1 (45) Mamedyarov,S (2809)-Kramnik,V (2800) Moscow 2018}) 11. h3 Nbd7 12. O-O {LiveBook: 4 Games} Rc8 13. Rab1 $146 ({Predecessor:} 13. a3 a5 14. Rad1 b5 15. e4 b4 {1-0 (65) Perelshteyn,E (2523)-Ynojosa Aponte,F (2423) Dallas 2017}) 13... b5 14. Rbc1 a6 15. e4 {[%cal Be3e4,Be4e5][%mdl 32]} g5 16. e5 Bb8 17. Bg3 Nh5 18. Bh2 c5 $1 19. Bf5 Ng7 20. Bxe6 $1 fxe6 21. Qg6 b4 22. Na4 {[%cal Ra4c5]} cxd4 23. Rxc8 Qxc8 24. Rc1 (24. Nxd4 Qc4 $17) 24... Qd8 $1 25. Nxd4 Nxe5 26. Qxh6 Nd3 $2 {[#]} (26... Nf7 $1 $11 27. Qg6 Bxh2+ 28. Kxh2 Ne5) 27. Bxb8 $1 $18 {[%mdl 512]} Qxb8 28. Rd1 $40 {[%mdl 128] White has strong attack.} (28. Rc2 $18) 28... e5 (28... Nxf2 $16 {might work better.} 29. Kxf2 Qa7) 29. Nf5 $1 {[%mdl 64] Decoy} ({Less strong is} 29. Rxd3 exd4 30. Rd1 Qb5 $16) 29... Nxf5 30. Qxg5+ Ng7 {White must now prevent ...Nf4.} 31. Rxd3 Qd6 32. Rg3 {[%csl Gg3][%cal Rg5g7]} Re7 33. b3 Rf7 34. Nb2 e4 35. Qd2 Rd7 (35... Qf4 $142 36. Qxf4 (36. Qxd5 Qxf2+ {[%mdl 64] Double Attack} 37. Kh2 Qxb2 $11) 36... Rxf4) 36. Qd4 Kh7 {And now ...Nf5 would win.} 37. Nc4 $2 (37. Rg5 $18) 37... Nf5 $16 38. Qe5 Qxe5 39. Nxe5 {[%mdl 4096] Endgame KRN-KRN} Rc7 ({Black should try} 39... Re7 $14 40. Ng6 Rf7) 40. Rg5 $1 $18 {[%cal Rg5f5]} Nd4 41. Ng4 $1 Ne2+ 42. Kh2 Nc3 43. Nf6+ {[%mdl 64] Double Attack} Kh6 {[#]} 44. h4 $1 ({Inferior is} 44. Nxd5 Rc5 $11) 44... d4 45. g4 (45. Re5 $16) 45... d3 $2 (45... Rf7 $11 46. Re5 d3 47. g5+ Kg7) 46. Ng8+ Kh7 47. Nf6+ Kh6 {[#]} 48. Rg8 $1 {[%csl Gg8,Gh4][%cal Rg4g5]} Rg7 49. Rd8 Kg6 50. Rd6 Nb5 51. Rxa6 Re7 $2 (51... Kf7 $16 {was necessary.} 52. Nxe4 Rxg4 53. Nd6+ Nxd6 54. Rxd6 Rxh4+ 55. Kg3 Rh8 56. Rxd3 Rg8+ 57. Kf4 Ra8) 52. Nxe4+ $2 ({White must play} 52. h5+ $18 Kf7 53. h6) 52... Kg7 $11 {The position is equal.} 53. Nd2 $1 {aiming for Rb6.} Re2 54. Rb6 {Strongly threatening Rb7+.} Nc3 $1 55. Nc4 Rxf2+ 56. Kh3 {Threatens to win with Rd6.} d2 57. Nxd2 (57. Rb7+ {looks sharper.} Kg6 58. h5+ Kg5 59. Rg7+ Kf4 60. Nxd2 Rxd2 61. h6) 57... Rxd2 58. Rxb4 {KRN-KR} Rd3+ 59. Kg2 {a4 is the strong threat.} Nxa2 60. Rb6 Nc3 61. g5 Ne4 62. b4 Rg3+ 63. Kh2 Rg4 64. Kh3 $1 {[%cal Rh3g4]} Rg3+ 65. Kh2 Rg4 66. Kh3 Nf2+ 67. Kh2 Ne4 {Accuracy: White = 47%, Black = 52%.} 1/2-1/2

[Event "Saint Louis Invitational-B 2018"]
[Site "Saint Louis"]
[Date "2018.11.21"]
[Round "9"]
[White "Wang, Justin"]
[Black "Williams, Justus"]
[Result "1/2-1/2"]
[WhiteElo "2409"]
[BlackElo "2335"]
[Annotator "TA"]
[PlyCount "65"]
[EventDate "2018.11.16"]
[EventType "tourn"]
[EventCountry "USA"]
[SourceTitle "playchess.com"]
[Source "ChessBase"]
[SourceQuality "1"]

{[%evp 20,65,35,28,83,60,87,73,83,72,80,54,66,69,68,60,108,108,111,112,121,95,81,67,87,81,102,107,155,166,143,25,19,0,0,0,0,0,10,0,32,-9,-7,-16,0,-6,4,-43]} 1. e4 c5 2. Nf3 e6 3. d4 cxd4 4. Nxd4 a6 5. Bd3 Bc5 6. Nb3 Ba7 7. Qe2 Nc6 8. Be3 d6 9. O-O Nge7 {B42: Sicilian: Kan Variation: 5 Bd3} (9... e5 10. a4 Nf6 11. Bxa7 Rxa7 12. N1d2 O-O 13. Rfd1 Be6 14. Nc4 Ra8 15. a5 Qc7 16. Nb6 Rad8 17. Nd5 Bxd5 18. exd5 Ne7 19. c4 Nd7 20. Nd2 f5 {½-½ (37) Hou,Y (2658)-Vitiugov,N (2734) Belokurikha 2018}) 10. c4 O-O 11. Nc3 {LiveBook: 45 Games} Ng6 (11... e5 $11) 12. Rfd1 $146 ({Predecessor:} 12. Rad1 Qc7 13. Bxa7 Rxa7 14. Qe3 Qb8 15. f4 Re8 16. Qg3 Kh8 17. h4 {1-0 (29) Semenova,E (2152)-Abhishek,K (2274) Pardubice 2013}) 12... Qe7 13. Bxa7 Nxa7 14. Qe3 Bd7 15. Bf1 Rfd8 16. Qb6 Be8 17. Rd2 Rd7 18. Rad1 Nc8 19. Qe3 Rc7 20. f4 b5 21. cxb5 axb5 22. a3 Rb8 23. Nd4 {[%cal Rd4b5]} b4 24. axb4 Rxb4 {[#]} 25. Nf5 (25. Ncb5 $1 $16) 25... Qf8 $11 26. Nxd6 Nxd6 27. Rxd6 Rxb2 28. Ne2 Rc8 29. Qd4 Rbb8 30. Qf2 Ba4 {The position is equal.} 31. R1d2 Rb4 32. Ng3 Rb1 33. Qd4 {Accuracy: White = 48%, Black = 48%.} 1/2-1/2

[Event "Saint Louis Invitational-B 2018"]
[Site "Saint Louis"]
[Date "2018.11.21"]
[Round "9"]
[White "Marek, Matyas"]
[Black "Stearman, Josiah"]
[Result "0-1"]
[WhiteElo "2361"]
[BlackElo "2309"]
[Annotator "TA"]
[PlyCount "94"]
[EventDate "2018.11.16"]
[EventType "tourn"]
[EventCountry "USA"]
[SourceTitle "playchess.com"]
[Source "ChessBase"]
[SourceQuality "1"]

{[%evp 29,94,23,89,20,21,14,79,0,0,0,0,0,0,0,0,0,0,0,72,0,0,0,0,-179,0,0,0,-189,-195,-200,-197,-211,-201,-408,-407,-406,-397,-483,-398,-389,-440,-392,-445,-436,-429,-387,-420,-410,-403,-387,-381,-345,-345,-303,-310,-526,-558,-526,-455,-2092,-1778,-29974,-29976,-29983,-29971,-29984,-29968]} 1. e4 c5 2. Nf3 Nc6 3. d4 cxd4 4. Nxd4 Nf6 5. Nc3 e5 6. Ndb5 d6 7. Bg5 a6 8. Na3 b5 9. Nd5 Be7 10. Bxf6 Bxf6 11. c3 Ne7 12. Nxf6+ gxf6 13. Bd3 Bb7 14. Qe2 {B33: Sicilian: Pelikan and Sveshnikov Variations} d5 15. Nc2 f5 {LiveBook: 8 Games} (15... dxe4 $11 16. Bxe4 Bxe4 17. Qxe4 Qd5 18. Qxd5 Nxd5) (15... dxe4 16. Bxe4 Bxe4 17. Qxe4 Qd5 18. Qxd5 Nxd5 19. g3 f5 20. O-O Ke7 21. f4 exf4 22. Rad1 Rhd8 {½-½ (32) Van der Hoeven,D (2653)-Cruzado Duenas,C (2569) ICCF email 2016}) 16. f3 (16. exf5 $16 e4 17. f6) 16... fxe4 17. fxe4 Ng6 (17... dxe4 $11 {remains equal.} 18. Bxe4 Bxe4 19. Qxe4 Qd5) 18. g3 (18. O-O-O $1 $16) 18... dxe4 $11 19. Bxe4 Nf4 $1 {[%cal Rf4e2]} 20. Qe3 ({Of course not} 20. gxf4 Qh4+ 21. Qf2 Qxf2+ 22. Kxf2 Bxe4 $17) 20... Bxe4 21. Qxe4 Nd3+ 22. Ke2 Nxb2 {White must now prevent ...0-0.} 23. Qc6+ $146 Ke7 {[#]} (23... Kf8 $1 $11 24. Qh6+ Kg8) 24. Rad1 $1 {[%mdl 512]} Nxd1 (24... Qc8 $5 25. Qd6+ $8 {[%mdl 64] Double Attack} Ke8 26. Qxe5+ Qe6 $11) 25. Rxd1 Qc8 26. Qd6+ Ke8 27. Rd5 f6 $1 28. Ne3 $2 {[#]} (28. Qxf6 $11 {and White is okay.} Qc4+ {[%mdl 64] Double Attack} 29. Rd3) 28... Rf8 $1 $19 29. g4 Rf7 30. g5 Qc7 {aiming for ...Qxd6.} 31. Nf5 $2 (31. Qe6+ {keeps fighting.} Kf8 32. gxf6) 31... Qc4+ {[%mdl 64] Double Attack} 32. Kf2 Qf4+ {[%mdl 64] Double Attack} 33. Kg2 {White wants to mate with Qc6+.} Qe4+ 34. Kg1 {Threatening mate with Qc6+.} Qxf5 (34... Qb1+ $2 35. Rd1 $17) 35. Qc6+ Kf8 36. Qxa8+ {[%mdl 4096] Endgame KQR-KQR} Kg7 37. gxf6+ Rxf6 {[%csl Gf6][%cal Rf5f1]} 38. Rd1 Rg6+ 39. Kh1 {[#]} e4 $1 {[%cal Rf5f3,Be5e4,Be4f3][%mdl 32]} 40. Qa7+ Kh6 {[%cal Rf5f3]} 41. Qe3+ Kh5 42. h3 $2 (42. a3 {was called for.}) 42... Qf3+ 43. Qxf3+ exf3 44. Rf1 (44. Rd7 $142 Rg2 45. Rf7) 44... Rg3 45. Kh2 Kh4 {Black mates.} 46. Rd1 Rg2+ {[%mdl 64] Double Attack} 47. Kh1 Kxh3 {Accuracy: White = 36%, Black = 70%.} 0-1

[Event "Saint Louis Invitational-B 2018"]
[Site "Saint Louis"]
[Date "2018.11.21"]
[Round "9"]
[White "Ynojosa Aponte, Felix Jose"]
[Black "Tsay, Vincent"]
[Result "1-0"]
[WhiteElo "2355"]
[BlackElo "2342"]
[Annotator "TA"]
[PlyCount "89"]
[EventDate "2018.11.16"]
[EventType "tourn"]
[EventCountry "USA"]
[SourceTitle "playchess.com"]
[Source "ChessBase"]
[SourceQuality "1"]

{[%evp 12,89,28,3,24,0,65,59,57,64,51,56,70,55,70,54,88,-17,-6,-21,-12,-15,-12,-14,-15,-11,-8,-181,-177,-181,143,113,189,192,191,187,238,193,196,226,214,204,220,204,332,208,219,208,239,223,290,210,490,490,490,490,495,493,915,870,1227,1226,1230,1220,1208,1202,1187,1175,4782,1682,29996,29992,29994,29995,29996,29997,29997,29998,29998,29999]} 1. c4 e6 2. Nc3 d5 3. d4 c6 4. e4 dxe4 5. Nxe4 Bb4+ 6. Nc3 e5 {D31: Queen's Gambit Declined: Semi-Slav without ...Nf6 (+ Marshall Gambit and Noteboom) and Exchange Variation lines without ...Nf6} 7. Be3 {LiveBook: 4 Games} Qa5 8. Nge2 {[%cal Bg1e2,Be2c3,Bc3b5,Bb5d6][%mdl 32]} Bg4 $146 ({Black should try} 8... exd4 $11 9. Bxd4 (9. Qxd4 Nf6 $11) 9... Nf6) ({Predecessor:} 8... Nf6 9. a3 Be7 10. dxe5 Qxe5 11. Ng3 Bc5 12. Qd3 Bxe3 13. Qxe3 Qxe3+ 14. fxe3 {1-0 (56) Korneev,O (2605)-Lecha Rosquilla,E (2250) Manresa 1995}) 9. f3 $14 Be6 $1 10. a3 Bxc3+ $1 11. Nxc3 {Black must now prevent d5.} Ne7 12. b4 Qb6 13. Bf2 Qc7 14. d5 (14. Bg3 $16) 14... cxd5 $11 15. Nb5 Qd7 {next ...a6 is good for Black.} 16. cxd5 Nxd5 {Hoping for ...a6.} 17. Bc5 {aiming for Nd6+.} b6 18. Nd6+ Kf8 19. Bb5 $2 (19. Bc4 $11 {and White has nothing to worry.} Nf4 20. g3) 19... Nc6 $19 20. Qa4 Nde7 $2 {[#]} (20... bxc5 $19 21. Bxc6 Qxd6 22. Bxa8 Ne3) 21. Bxb6 $1 $16 {[%mdl 576] Pin} Qxd6 (21... g6 $16) (21... axb6 22. Qxa8+) 22. Bc5 $18 Qc7 {Strongly threatening ...Nd4.} 23. Bxc6 $1 Rc8 (23... Rd8 {was worth a try.} 24. O-O f6) 24. Bb5 a5 25. O-O axb4 26. axb4 Kg8 27. Rfc1 h6 (27... Nd5 $142 28. Qa5 h6 29. Qxc7 Rxc7) 28. Ba6 Rb8 29. Bf1 Qb7 30. Qc2 {Threatens to win with Ra7.} Nc6 31. Bd6 Rc8 $2 (31... Nxb4 {might work better.} 32. Qd2 Nd5 33. Bxb8 (33. Bxe5 Qb6+ 34. Bd4 Qd6 $16) 33... Qxb8) 32. Ba6 {[%mdl 64] Skewer} Qb6+ 33. Qc5 Qxc5+ 34. Rxc5 ({Not} 34. Bxc5 Ra8 $18) 34... Nxb4 (34... Na7 $142 35. Bxc8 Nxc8) 35. Bxc8 Kh7 36. Bxe6 fxe6 37. Rc7 Nd5 38. Rb7 Kg6 39. Bxe5 Kf5 40. Re1 g6 41. g4+ {White mates.} Kg5 42. Kg2 h5 {[#]} 43. h4+ $1 {[%mdl 64] Decoy} Kxh4 44. Bg3+ {[%mdl 64] Discovered Attack} Kg5 45. Re5+ {Accuracy: White = 59%, Black = 33%.} 1-0